| 000 | 00327 a2200133 4500 | ||
|---|---|---|---|
| 999 |
_c327584 _d327584 |
||
| 001 | 92511 | ||
| 003 | NUST | ||
| 005 | 20180120143818.0 | ||
| 008 | 180120b xxu||||| |||| 00| 0 eng d | ||
| 020 | _a978-1-84854-622-6 | ||
| 082 | _a303.4833/SCH | ||
| 100 |
_aEric Schmidt & Jared Cohen _99235 |
||
| 245 | _aThe New Digital Age | ||
| 260 |
_aLondon _bJohn Murray _c2014 |
||
| 300 | _avi,353p. | ||
| 942 |
_aCAE NUST _cBK _k303.4833/SCH _2ddc |
||